00357nam a2200121Ia 4500008004100000040001600041041001200057082001800069100002200087245008200109260002700191300001700218230917s9999||||xx |||||||||||||| ||und|| e12657aMAIN aEnglish a301.4443 J51M aJeteley, Surinder 0aModernizing Indian peasants: A study of six villages in eastern Uttar Pradesh aNew DelhibA E Sc1977 axviii,177 p.